Statistics for Victoria Multiple Choice.

Click here to take the quiz!

General Stats

  • This quiz has been taken 7 times
    (6 since last reset)
  • The average score is 11 of 15

Answer Stats

QuestionAnswer% Correct
Which of these suburbs are in the West?Footscray
100%
Whats the most Western City Council in Victoria?Melton
100%
Which of these towns/suburbs are regional?Woodend
100%
What Eastern Suburb is known for it's Chinese diasporaBox Hill
80%
True or False? Tocumwal is part of VictoriaFalse
80%
Whats the name of the Major Railway StationFlinders Street
80%
Whats the second largest city after MelbourneGeelong
80%
What Victorian Regional City is the closest to New South Wales and has a bridge connecting the states?Wodonga
80%
Which of these LGAs are in the Western SuburbsBrimbank
60%
Which Freeway is considered the longest in Victoria, Hint: It goes through New South WalesHume Freeway
60%
What suburb is Organ Pipes National Park in?Keilor North
60%
What suburb is Watergardens railway station in?Sydenham
60%
Where is the Council Seat for the City of WyndhamWerribee
60%
What is the name of the Bridge connecting Spotswood to Port Melbourne?West Gate Bridge
60%
Whats the Tallest Building in Geelong?Miramer
40%

Score Distribution

Percentile by Number Answered

Percent of People with Each Score

Your Score History

You have not taken this quiz since the last reset